Paroles : La différence - Santa - Statistiques

Statistiques générales
  • Ce quiz a été pris 18 fois
  • Le résultat moyen est 130 sur 209
Statistiques - réponses
Réponse % Correct
le
100%
Le
100%
de
92%
la
92%
La
92%
les
92%
Les
92%
ton
92%
Ton
92%
tu
92%
Tu
92%
(tu
92%
cœur
83%
des
83%
différence
83%
différence)
83%
Et
83%
et
83%
Je
83%
avec
75%
Il
75%
nous
75%
nous)
75%
pas
75%
prend
75%
vacances
75%
danse
67%
feras
67%
mon
67%
On
67%
Pour
67%
Toi,
67%
tout
67%
Tout
67%
Un
67%
(un
67%
J'ai
58%
loups
58%
si
58%
Au
50%
l'enfant
50%
même
50%
Se
50%
cette
42%
chaque
42%
coup
42%
faux
42%
n'a
42%
peu
42%
Résiste
42%
sur
42%
ticket
42%
vertige
42%
vie
42%
fou
33%
photo
33%
Quand
33%
Qu'on
33%
rappellent
33%
rendra
33%
sonne
33%
tornades
33%
assez
25%
debout
25%
fige
25%
flou
25%
piano,
25%
préfère
25%
rendras
25%
sonnes
25%
tient
25%
tord
25%
trop
25%
vrai
25%
crie
17%
ouh
17%
Aucun quiz correspondant
Distribution des résultats
% des personnes avec chaque résultat
Percentile par nombre de réponses
Votre historique - résultats
Vous n’avez pas pris ce quiz